| 000 | 01059nam a22001577a 4500 | ||
|---|---|---|---|
| 003 | NUST | ||
| 008 | 221117b ||||| |||| 00| 0 eng d | ||
| 020 | _a978-0-2411-8609-1 | ||
| 082 | _a770, TAY | ||
| 100 |
_aTaylor, David _9102836 |
||
| 245 |
_aDigital Photography Complete Course _cDavid Taylor, Tracy Hallet Paul Lowe, Paul Sanders |
||
| 260 |
_aChina _bDK _c2015 |
||
| 300 | _a360: pages | ||
| 505 | _aMaking Your First Photos (Page-25), Focusing (Page-41), Using Shooting Modes (Page-57), Getting the Right Exposure (Page-73), Achieving the Right Contrast (Page-89), Using Depth of Field (Page-105), Lenses (Page-121), Wide-Angle Lenses (Page-137), Telephoto Lenses (Page-153), Taking Close-Up Photo (Page-169), Conveying Movement (Page-185), How to Compose (Page-201), Compose Like an Expert (Page-217), Lessons in Colour (Page-233), The Colour of Light (Page-249), using Natural Light (Page- 265), Working with Flash (Page-281), Working in Low Light (Page-297), Black and White (Page-323), Working om a Project (Page-329). | ||
| 942 |
_2ddc _cBK |
||
| 999 |
_c592349 _d592349 |
||